Absent / (Record no. 15483)
[ view plain ]
| 000 -LEADER | |
|---|---|
| fixed length control field | 01090nam a22002777a 4500 |
| 008 - FIXED-LENGTH DATA ELEMENTS--GENERAL INFORMATION | |
| fixed length control field | 110530s2005 ua|||||r|||| 000 f eng d |
| 020 ## - INTERNATIONAL STANDARD BOOK NUMBER | |
| International Standard Book Number | 9774249631 |
| 020 ## - INTERNATIONAL STANDARD BOOK NUMBER | |
| International Standard Book Number | 9789774249631 |
| 082 ## - DEWEY DECIMAL CLASSIFICATION NUMBER | |
| Edition number | 22 |
| Classification number | 892.737 |
| Item number | KHE |
| 100 ## - MAIN ENTRY--PERSONAL NAME | |
| 9 (RLIN) | 24484 |
| Personal name | Khudayri, Batul |
| 240 ## - UNIFORM TITLE | |
| Uniform title | <a href="الغائب">الغائب</a> |
| Language of a work | Eng |
| 245 ## - TITLE STATEMENT | |
| Title | Absent / |
| Statement of responsibility, etc | Betool Khedairi; Translated by Muhayman Jamil |
| 260 ## - PUBLICATION, DISTRIBUTION, ETC. (IMPRINT) | |
| Place of publication, distribution, etc | Cairo : |
| Name of publisher, distributor, etc | The American University in Cairo Press, 2005. |
| Date of publication, distribution, etc | 2005 |
| 300 ## - PHYSICAL DESCRIPTION | |
| Extent | vii, 214 p. ; |
| Dimensions | 24 cm. |
| 490 ## - Series Statement | |
| -- | 24461 |
| Series statement | Modern Arabic Literature |
| 500 ## - GENERAL NOTE | |
| General note | Originally published in Arabic: 2004, Ghayib |
| 546 ## - LANGUAGE NOTE | |
| Language note | Translated from the Arabic |
| 650 ## - SUBJECT ADDED ENTRY--TOPICAL TERM | |
| 9 (RLIN) | 24481 |
| Topical term or geographic name as entry element | Young women |
| Form subdivision | Fiction |
| Geographic subdivision | Iraq |
| -- | Baghdad |
| 650 ## - SUBJECT ADDED ENTRY--TOPICAL TERM | |
| 9 (RLIN) | 24482 |
| Topical term or geographic name as entry element | Persian Gulf War, 1991 |
| Form subdivision | Fiction |
| 651 ## - SUBJECT ADDED ENTRY--GEOGRAPHIC NAME | |
| 9 (RLIN) | 24483 |
| Geographic name | Baghdad (Iraq) |
| Form subdivision | Fiction |
| 655 ## - INDEX TERM--GENRE/FORM | |
| -- | 24454 |
| Genre/form data or focus term | Arabic fiction |
| 653 ## - INDEX TERM--UNCONTROLLED | |
| Resource For college | |
| Arrived date list | May2011 |
| 700 ## - ADDED ENTRY--PERSONAL NAME | |
| 9 (RLIN) | 24480 |
| Personal name | Jamil, Muhayman |
| Relator term | trl |
| 942 ## - ADDED ENTRY ELEMENTS (KOHA) | |
| Source of classification or shelving scheme | Dewey Decimal Classification |
| Item type | Book - Borrowing |
| Withdrawn status | Item status | Source of classification or shelving scheme | Damaged status | Not for loan | Vendor | Home library | Current library | Shelving location | Date acquired | Source of acquisition | Cost, normal purchase price | Serial Enumeration / chronology | Total Checkouts | Total Renewals | Full call number | Barcode | Date last seen | Date last borrowed | Koha item type |
|---|---|---|---|---|---|---|---|---|---|---|---|---|---|---|---|---|---|---|---|
| Dewey Decimal Classification | Baccah | Central Library | Central Library | Second Floor | 30/05/2011 | 80.00 | 12339 | 3 | 5 | 892.737 KHE | 000023810 | 15/07/2025 | 24/12/2020 | Book - Borrowing |